000 00882nas a2200289 4500
001 BR2012004491
003 BR-BrBNA
005 20231205120744.0
007 ta
008 230509b bl.|||p| |||| 00| 00por d
040 _aBR-BrBNA
_bpor
_cBiblioteca Nacional de Agricultura
041 _a(Pt)
072 _aQ03
100 1 _aFreitas, M.de S.G.
100 1 _aOkura, M.H.
245 1 _aAnálise microbiológica de salsichas comercializadas a granel no município de Uberaba, MG
650 _aSALSICHA
650 _aCARNE TRATADA
650 _aCONTAMINAÇÃO
650 _aANÁLISE MICROBIOLÓGICA
650 _aCONSUMIDOR
650 _aSAÚDE
650 _aSEGURANÇA ALIMENTAR
773 0 _tHigiene Alimentar (Brazil)
_xISSN 0101-9171
_g(Mar-Apr 2012), v. 26(206-207) p. 123-126
_wBR2012004491
909 _a202311
_bLúcia
_c55
_dLúcia Elande
942 _2AGRIS
_n0
_cANA
999 _c220144
_d220144